[Event "Steinfurt Bezirksklasse 1314"]
[Site "Germany"]
[Date "2014.02.22"]
[Round "5.3"]
[White "Engfer, Klaus"]
[Black "Tenberg, Vico"]
[Result "1/2-1/2"]
[WhiteElo "1586"]
[BlackElo "1145"]
[PlyCount "90"]
[EventDate "2013.10.05"]
[EventType "team-tourn"]
[EventRounds "9"]
[EventCountry "GER"]
[SourceTitle "EXT 2015"]
[Source "ChessBase"]
[SourceDate "2014.11.20"]
[SourceVersion "1"]
[SourceVersionDate "2014.11.20"]
[SourceQuality "1"]
[WhiteTeam "Rheine CC"]
[BlackTeam "Emsdetten Turm IV"]
[WhiteTeamCountry "GER"]
[BlackTeamCountry "GER"]

1. e4 e5 2. Nf3 Nc6 3. d4 exd4 4. Nxd4 Bc5 5. Nxc6 Qh4 6. Nd4 Qxe4+ 7. Ne2 b6 8. Nbc3 Qh4 9. Ng3 Nf6 10. Qe2+ Kd8 11. Be3 Re8 12. 0-0-0 Ng4 13. Qc4 Bxe3+ 14. fxe3 Qg5 15. Qf4 Qxf4 16. exf4 Nf2 17. Bc4 Nxh1 18. Rxh1 Bb7 19. Bd5 Bxd5 20. Nxd5 c6 21. Nb4 a5 22. Nd3 a4 23. a3 Ra5 24. Rd1 f6 25. Nb4 Rc5 26. Na6 Rc4 27. Nb4 g6 28. f5 gxf5 29. Nxf5 Re2 30. Nxc6+ Kc7 31. Nb4 Rf2 32. Nd6 Rg4 33. Nb5+ Kb8 34. Rxd7 Rf1+ 35. Kd2 Rxg2+ 36. Kc3 Rf3+ 37. Nd3 Rf5 38. Nd6 Rd5 39. Kc4 Rdg5 40. Rb7+ Ka8 41. Rxb6 Rxc2+ 42. Kd4 Rg4+ 43. Kd5 Rd2 44. Kc6 Rxd3 45. Ra6+ Kb8 1/2-1/2

[Event "Steinfurt Bezirksklasse 1213"]
[Site "Germany"]
[Date "2013.03.23"]
[Round "7.5"]
[White "Altenaehr, Johannes"]
[Black "Tenberg, Vico"]
[Result "1-0"]
[WhiteElo "1413"]
[BlackElo "1075"]
[PlyCount "75"]
[EventDate "2012.09.29"]
[EventType "team-tourn"]
[EventRounds "9"]
[EventCountry "GER"]
[SourceTitle "EXT 2015"]
[Source "ChessBase"]
[SourceDate "2014.11.20"]
[SourceVersion "1"]
[SourceVersionDate "2014.11.20"]
[SourceQuality "1"]
[WhiteTeam "Rheine CC"]
[BlackTeam "Emsdetten Turm IV"]
[WhiteTeamCountry "GER"]
[BlackTeamCountry "GER"]

1. Nf3 Nf6 2. d4 d5 3. c4 e6 4. cxd5 exd5 5. Nc3 Bb4 6. Qa4+ Nc6 7. Ne5 Bxc3+ 8. bxc3 Bd7 9. Nxd7 Qxd7 10. e3 Ne4 11. Bb2 0-0 12. Bd3 Qg4 13. 0-0 Nd2 14. Qd1 Qxd1 15. Rfxd1 Ne4 16. Rab1 b6 17. f3 Nf6 18. Bb5 Na5 19. Ba3 Rfc8 20. g4 a6 21. Bd3 Re8 22. g5 Nh5 23. Bc1 g6 24. Re1 Nc6 25. Rb2 Re7 26. Rbe2 b5 27. e4 Nf4 28. Bxf4 dxe4 29. Bxe4 Rae8 30. Re3 Nd8 31. d5 a5 32. Bd3 Rxe3 33. Rxe3 Rxe3 34. Bxe3 b4 35. cxb4 axb4 36. Bc5 c6 37. dxc6 Nxc6 38. Be4 1-0

[Event "Steinfurt Bezirksklasse 1213"]
[Site "Germany"]
[Date "2012.11.03"]
[Round "2.4"]
[White "Hillen, Thomas"]
[Black "Tenberg, Vico"]
[Result "1-0"]
[WhiteElo "1459"]
[BlackElo "1075"]
[PlyCount "74"]
[EventDate "2012.09.29"]
[EventType "team-tourn"]
[EventRounds "9"]
[EventCountry "GER"]
[SourceTitle "EXT 2015"]
[Source "ChessBase"]
[SourceDate "2014.11.20"]
[SourceVersion "1"]
[SourceVersionDate "2014.11.20"]
[SourceQuality "1"]
[WhiteTeam "Emsdetten Rochade IV"]
[BlackTeam "Emsdetten Turm IV"]
[WhiteTeamCountry "GER"]
[BlackTeamCountry "GER"]

1. Nf3 d5 2. d4 Nf6 3. Bf4 e6 4. c4 c6 5. c5 b6 6. b4 a5 7. a3 axb4 8. Bxb8 bxc5 9. Bf4 cxd4 10. Nxd4 Qb6 11. Bc1 bxa3 12. Qb3 Bb4+ 13. Bd2 Bxd2+ 14. Nxd2 Qxd4 15. Rxa3 Bb7 16. Rxa8+ Bxa8 17. Qa3 Kd7 18. e3 Qb6 19. Bd3 c5 20. 0-0 c4 21. Bc2 Bc6 22. Rd1 Ra8 23. Nxc4 Qc7 24. Qb2 Ba4 25. Nb6+ Ke7 26. Nxa8 Qc6 27. Qa3+ Kd8 28. Qxa4 Qd6 29. Qa5+ Ke7 30. Qa7+ Nd7 31. Ba4 Kd8 32. Qxd7+ Qxd7 33. Bxd7 Kxd7 34. e4 Kc8 35. exd5 exd5 36. Rxd5 Kb7 37. Rd7+ Kxa8 1-0

[Event "Steinfurt Kreisklasse 0607"]
[Site "Germany"]
[Date "2007.03.10"]
[Round "7.5"]
[White "Tenberg, Vico"]
[Black "Maske, Kristina"]
[Result "1/2-1/2"]
[WhiteElo "815"]
[BlackElo "1081"]
[PlyCount "36"]
[EventDate "2006.09.23"]
[EventType "team-tourn"]
[EventRounds "10"]
[EventCountry "GER"]
[SourceTitle "EXT 2008"]
[Source "ChessBase"]
[SourceDate "2007.11.25"]
[SourceVersion "1"]
[SourceVersionDate "2007.11.25"]
[SourceQuality "1"]
[WhiteTeam "Emsdetten Turm IV"]
[BlackTeam "Westerkappeln II"]
[WhiteTeamCountry "GER"]
[BlackTeamCountry "GER"]

1. d4 d5 2. Bf4 Nc6 3. Nf3 Bf5 4. c4 e6 5. Nc3 a6 6. e3 Bb4 7. a3 Bxc3+ 8. bxc3 Nf6 9. cxd5 Nxd5 10. c4 Nxf4 11. exf4 0-0 12. Bd3 Qf6 13. Bxf5 Qxf5 14. g3 Qe4+ 15. Qe2 Qxe2+ 16. Kxe2 Rfd8 17. Rhd1 Rd7 18. Ra2 Rad8 1/2-1/2

[Event "Steinfurt Kreisklasse 0607"]
[Site "Germany"]
[Date "2007.02.17"]
[Round "6.5"]
[White "Toenjann, Jonas"]
[Black "Tenberg, Vico"]
[Result "0-1"]
[WhiteElo "778"]
[BlackElo "815"]
[PlyCount "72"]
[EventDate "2006.09.23"]
[EventType "team-tourn"]
[EventRounds "10"]
[EventCountry "GER"]
[SourceTitle "EXT 2008"]
[Source "ChessBase"]
[SourceDate "2007.11.25"]
[SourceVersion "1"]
[SourceVersionDate "2007.11.25"]
[SourceQuality "1"]
[WhiteTeam "Neuenkirchen III"]
[BlackTeam "Emsdetten Turm IV"]
[WhiteTeamCountry "GER"]
[BlackTeamCountry "GER"]

1. e4 e5 2. Nf3 Nc6 3. Nc3 Bc5 4. d3 d6 5. Bg5 f6 6. Bh4 Nge7 7. Nd2 0-0 8. Nd5 Nxd5 9. exd5 Nd4 10. Be2 b6 11. b3 Bb7 12. a4 Bxd5 13. a5 b5 14. 0-0 Bb4 15. c3 Bxc3 16. Bf3 Bxf3 17. gxf3 Bxa1 18. Qxa1 Qd7 19. b4 Nxf3+ 20. Nxf3 Qg4+ 21. Bg3 Qxf3 22. d4 e4 23. Re1 Rae8 24. Qb1 e3 25. Rxe3 Rxe3 26. fxe3 Qxe3+ 27. Kf1 Qxd4 28. h4 f5 29. Qe1 Qd3+ 30. Kg1 Qf3 31. Kh2 f4 32. h5 fxg3+ 33. Kg1 Qf2+ 34. Kh1 Qxe1+ 35. Kg2 Qf2+ 36. Kh1 Qh2# 0-1